| 000 | 00699nam a22002297a 4500 | ||
|---|---|---|---|
| 005 | 20241212131854.0 | ||
| 008 | 241121b |||||||| |||| 00| 0 eng d | ||
| 017 | _aLD.4040 | ||
| 018 | _a2024 | ||
| 020 | _a9789787873832 | ||
| 040 |
_aNLN _bEnglish _eAACR2 |
||
| 050 |
_aDT515.83 _b.A285 A3 |
||
| 082 | _a920.2 | ||
| 100 |
_aAHIAUZU, Blessing Esuru _eaut _961146 |
||
| 245 |
_aSeven decades on rainbow paths : _ban autobiography : _cEsuru Blessing Ahiauzu |
||
| 260 |
_a[S.l] : _b[S.n], _c2024 |
||
| 300 |
_axii, 128p. : _bill., Col. ports ;21cm. |
||
| 563 | _a(pbk.) | ||
| 650 |
_aAhiauzu, Blessing Esuru, 1944- _961147 |
||
| 650 |
_aLibrarians _vNigeria _xAutobiography _961148 |
||
| 942 |
_cBK _n0 |
||
| 999 |
_c31378 _d31378 |
||